000 00360nam a2200145 a 4500
001 739
003 CDMR
005 20130116135157.0
008 130130s1960||||||||||||||||||||||||||||d
040 _aCDMR
_bcat
_cCDMR
100 1 _aPike, Edgar Royston
_9573
245 1 0 _aDiccionario de religiones
260 _aMéxico
_c1960
_bFondo de Cultura Económica
942 _cMON
999 _c739
_d739